| 000 | 00911cam a2200301 a 4500 | ||
|---|---|---|---|
| 999 |
_c8119 _d8119 |
||
| 001 | 915956 | ||
| 003 | OSt | ||
| 005 | 20230328115433.0 | ||
| 008 | 820621s1983 nyua b 101 0 eng | ||
| 010 | _a 82012295 | ||
| 020 | _a0890048096 | ||
| 040 |
_aDLC _cDLC _dDLC |
||
| 050 | 0 | 0 |
_aRC628 _b.H4 1983 |
| 060 | _aWD 210 H434 1981 | ||
| 082 | 0 | 0 |
_aWD 210 K964h _219 |
| 245 | 0 | 0 |
_aHealth and obesity / _ceditors, Peter T. Kuo, Hadley L. Conn, Jr., Eugene A. DeFelice. |
| 260 |
_aNew York : _bRaven Press, _cc1983. |
||
| 300 |
_axvi, 184 p. : _bill. ; _c25 cm. |
||
| 504 | _aIncludes bibliographies and index. | ||
| 650 | 0 |
_aObesity. _916576 |
|
| 650 | 0 |
_aHealth. _92172 |
|
| 650 | 2 |
_aObesity _xCongresses. _916577 |
|
| 700 | 1 |
_aKuo, Peter T. _916578 |
|
| 700 | 1 |
_aConn, Hadley L. _916579 |
|
| 700 | 1 |
_aDeFelice, Eugene A. _916580 |
|
| 906 |
_a7 _bcbc _corignew _d1 _eocip _f19 _gy-gencatlg |
||
| 942 |
_2z _cO_SHELF |
||